00980nam a2200253Ia 4500001002100000003000900021008004100030040002300071041001300094100002000107240004000127245003700167250001500204260002800219300002200247490002400269500001800293501012400311700004600435942000700481957000600488999004200494952019000536262-DEL he pa (4061)IT-MiSPE171229s9999||||xx |||||||||||||| ||und|| aIT-MiSPEcIT-MiSPE aITALIANO aHenri De Lubac  aParadoxe et mystère de l'Église 0aParadosso e mistero della Chiesa a1a ed. (v) aMilanobJaka Bookc1979 aX, 237 p. c23 cm aOpera omnia: IIIv9 aEcclesiologia aEdizioni San Paolo srl - Piazza Soncino, 5 - 20092 CINISELLO BALSAMO (MI) (non commercial uses only) ® Copyright 2018 aTilla David, Alfredo Civitag(traduzione) cBK 71 a12633bNOg Copie: 1 c344586d344586 0010406262DEL_HE_PA_406171aCINISELLObCINISELLOd2017-12-30l0o262-DEL he pa (4061)r2017-12-30 00:00:00w2017-12-30yBKz(data import: 20 dicembre 2017) - By Epidotti, Vaglietti.